| 000 | 00566pam a2200217 a 4500 | ||
|---|---|---|---|
| 020 | _c | ||
| 040 | _aMedical College Lib. | ||
| 041 |
_aENG _hENG |
||
| 082 |
_a617.96 _bWYL |
||
| 100 | _aWylie, W.D. . | ||
| 245 |
_aPractice Of Anesthesia / _c _hTextual Documents |
||
| 250 |
_a5th / _b. |
||
| 260 |
_a : _bLloyd - Luke , _c1986. |
||
| 300 |
_a820-1632 ; _c |
||
| 365 | _a1072=50 | ||
| 653 |
_aAnaesthesiology _aMedical Science |
||
| 700 | _aChurchill - Devidson, H.C. . | ||
| 930 | _a4070 | ||
| 999 |
_c4069 _d4069 |
||